Statistics for Double F Vocabulary Words

Click here to take the quiz!

General Stats

  • This quiz has been taken 31,491 times
    (24,454 since last reset)
  • The average score is 12 of 20

Answer Stats

DefinitionWord% Correct
Very tall African animalGiraffe
100%
Stimulant found in coffeeCaffeine
91%
Vandalism or street art,
depending on one's perspective
Graffiti
86%
Flakes of dead skin from the scalpDandruff
84%
Limousine driverChauffeur
84%
To misrepresent the strength of
one's poker hand
Bluff
80%
To polishBuff
71%
Engine noise dampenerMuffler
67%
The right to voteSuffrage
60%
Importation taxTariff
59%
Court officerBailiff
58%
To extinguish a candleSnuff
55%
Red spice made from flowersSaffron
54%
Type of expensive mushroomTruffle
53%
Blunder; faux pasGaffe
47%
To not pay an expected tipStiff
35%
Small flat-bottomed open boatSkiff
30%
A poor golferDuffer
25%
To sell illegal goods, especially drugsTraffic
22%
Cajun stew of crayfish
and vegetables, served over rice
Étouffée
17%

Score Distribution

Percentile by Number Answered

Percent of People with Each Score

Your Score History

You have not taken this quiz since the last reset